000
00312nam a22001337a 4500
008
180110b xxu||||| |||| 00| 0 eng d
020
_a
9780071241526
041
_a
eng
080
_a
004
100
_a
30
101
_a
SHK
245
_a
FUNDAMENTALS OF SEMICONDUCTOR DEVICES
_c
ANDERSON.B.L
942
_2
udc
_c
BK
999
_c
40059
_d
40059